| 000 | 00372nam a2200169Ia 4500 | ||
|---|---|---|---|
| 100 | _aSeborg/Dale E | ||
| 650 | _aProcess dynamics | ||
| 250 | _a2 | ||
| 942 | _cBK | ||
| 366 | _f20 | ||
| 654 | _aProcess control | ||
| 245 | _aProcess dynamics and control | ||
| 260 |
_bWiley India _aNew Delhi _c2004 |
||
| 082 |
_a003.3/SEB _bSEB |
||
| 300 | _a712 | ||
| 546 | _aENGLISH | ||
| 999 |
_c23221 _d23221 |
||